[Event "Horgen SUI"]
[Site "Horgen SUI"]
[Date "1995.??.??"]
[Round "?"]
[White "Lautier, Joel"]
[Black "Kasparov, Gary"]
[Result "1/2-1/2"]
[WhiteElo "2655"]
[BlackElo "2805"]
[PlyCount "42"]
[EventDate "1995.??.??"]
[Source "www.chesslib.no"]
[SourceDate "2004.05.04"]

1. e4 d6 2. d4 Nf6 3. f3 c5 4. d5 g6 5. c4 Bg7 6. Nc3 O-O 7. Bg5 e6 8. Qd2 exd5 9. O-O-O h5 10. a4 a6 11. Kb1 Re8 12. Bxf6 Nd7 13. cxd5 Nf8 14. Qc2 Bd7 15. Be5 Kh8 16. Rd2 Rb8 17. b4 a5 18. bxa5 Rc8 19. Nce2 b5 20. Ka2 Rb8 21. Bf4 Re7 1/2-1/2

[Event "Horgen"]
[Site "?"]
[Date "1994.??.??"]
[Round "?"]
[White "Lautier, J."]
[Black "Shirov, A."]
[Result "1-0"]
[WhiteElo "2645"]
[BlackElo "2740"]
[PlyCount "60"]
[EventDate "1994.??.??"]
[Source "ChessBase"]
[SourceDate "1994.06.01"]

1. c4 Nf6 2. Nc3 g6 3. e4 d6 4. d4 Bg7 5. f3 O-O 6. Bg5 c5 7. d5 h6 8. Bf4 a6 9. Qd2 Kh7 10. a4 e6 11. g4 exd5 12. cxd5 Re8 13. Be2 h5 14. g5 Ng8 15. h4 f5 16. Nh3 Bxc3 17. bxc3 fxe4 18. fxe4 Rxe4 19. Nf2 Re8 20. O-O Nd7 21. Bxd6 Ndf6 22. Bg3 Qxd5 23. Bd3 c4 24. gxf6 cxd3 25. f7 Qxf7 26. Ne4 Qd5 27. Ng5+ Kg7 28. Qxd3 Be6 29. Nxe6+ Qxe6 30. Qd4+ Kh6 1-0

[Event "Moscow (ol)"]
[Site "?"]
[Date "1994.??.??"]
[Round "?"]
[White "Lautier, J."]
[Black "Shirov, A."]
[Result "1-0"]
[WhiteElo "2645"]
[BlackElo "2740"]
[PlyCount "85"]
[EventDate "1994.??.??"]
[Source "ChessBase"]
[SourceDate "1994.10.01"]

1. d4 Nf6 2. c4 g6 3. Nc3 Bg7 4. e4 d6 5. f3 O-O 6. Bg5 c5 7. d5 Qa5 8. a4 a6 9. Ra3 e6 10. Qd2 Qb4 11. Qc2 exd5 12. cxd5 Nbd7 13. Nh3 c4 14. Bd2 Ne5 15. Nf2 Qc5 16. Be2 Bd7 17. a5 b5 18. axb6 Qxb6 19. O-O Rab8 20. Rb1 Rfc8 21. Ncd1 Nxd5 22. exd5 Bf5 23. Qc1 Bxb1 24. Qxb1 Qd4 25. Bc3 Qxd5 26. Rxa6 Qc5 27. Ra5 Rb5 28. b4 Qb6 29. Rxb5 Qxb5 30. Qa1 Bf8 31. Ne4 f5 32. Nd2 Nd3 33. Qa7 Re8 34. Kf1 Qd5 35. Ne3 Qf7 36. Qxf7+ Kxf7 37. Ndxc4 Nf4 38. Bd1 d5 39. Ne5+ Ke6 40. g3 Nh5 41. Ba4 Ra8 42. Bb3 Nf6 43. Nc6 1-0

[Event "Leon"]
[Site "?"]
[Date "1993.??.??"]
[Round "?"]
[White "Karpov, An"]
[Black "Topalov, V."]
[Result "1/2-1/2"]
[WhiteElo "2725"]
[BlackElo "2635"]
[PlyCount "144"]
[EventDate "1993.??.??"]
[Source "ChessBase"]
[SourceDate "1993.02.01"]

1. d4 Nf6 2. c4 g6 3. Nc3 Bg7 4. e4 d6 5. f3 O-O 6. Be3 a6 7. Qd2 Nbd7 8. Nh3 c6 9. Nf2 b5 10. b3 e5 11. d5 cxd5 12. Nxd5 Nxd5 13. Qxd5 Qa5+ 14. Qd2 Qxd2+ 15. Kxd2 Rb8 16. Rd1 bxc4 17. Bxc4 Nb6 18. Bd3 Be6 19. Rc1 d5 20. Ke2 a5 21. Bb5 Rfd8 22. h3 Bf8 23. Nd3 f6 24. Nc5 Bxc5 25. Rxc5 dxe4 26. fxe4 Nd7 27. Rc6 Rxb5 28. Rxe6 Nc5 29. Re7 Nxe4 30. Rc1 Ng3+ 31. Kf2 Nf5 32. Ra7 h5 33. Rc6 Rf8 34. Bc5 Nd4 35. Bxd4 exd4 36. Rcc7 Rf5+ 37. Kg1 Rd8 38. Rg7+ Kh8 39. Rh7+ Kg8 40. Rag7+ Kf8 41. Rxg6 Rd6 42. Rgg7 Rfd5 43. Rc7 Kg8 44. Rhg7+ Kh8 45. Rge7 Rd8 46. Re2 d3 47. Rd2 Rf5 48. Rc3 Rfd5 49. Kf2 Kh7 50. Ke1 Re8+ 51. Kd1 Re3 52. Rf2 Rg3 53. Rc6 Rdg5 54. Rcxf6 Rxg2 55. Kd2 R5g3 56. h4 Rg4 57. Kxd3 Rxf2 58. Rxf2 Rxh4 59. Rf7+ Kg6 60. Ra7 Rh1 61. Rxa5 h4 62. Ke2 h3 63. Kf2 Rc1 64. Kg3 Rc3+ 65. Kh2 Kf6 66. b4 Ke6 67. a4 Kd6 68. b5 Kc7 69. Ra7+ Kb6 70. Rh7 Ra3 71. Rh6+ Kb7 72. Rh4 Ka7 1/2-1/2

[Event "Olympiad (men)"]
[Site "Olympiad (men)"]
[Date "1994.??.??"]
[Round "5"]
[White "Lautier, Joel"]
[Black "Shirov, Alexei D"]
[Result "1-0"]
[WhiteElo "2625"]
[BlackElo "2715"]
[PlyCount "83"]
[EventDate "1994.??.??"]
[Source "www.chesslib.no"]
[SourceDate "2004.05.04"]

1. d4 Nf6 2. c4 g6 3. Nc3 Bg7 4. e4 d6 5. f3 O-O 6. Bg5 c5 7. d5 Qa5 8. a4 a6 9. Ra3 e6 10. Qd2 Qb4 11. Qc2 exd5 12. cxd5 Nbd7 13. Nh3 c4 14. Bd2 Ne5 15. Nf2 Qc5 16. Be2 Bd7 17. a5 b5 18. axb6 Qxb6 19. O-O Rab8 20. Rb1 Rfc8 21. Ncd1 Nxd5 22. exd5 Bf5 23. Qc1 Bxb1 24. Qxb1 Qd4 25. Bc3 Qxd5 26. Rxa6 Qc5 27. Ra5 Rb5 28. Rxb5 Qxb5 29. Qa1 Bf8 30. Ne4 f5 31. Nd2 Nd3 32. Qa7 Re8 33. Kf1 Qd5 34. Ne3 Qf7 35. Qxf7+ Kxf7 36. Ndxc4 Nf4 37. Bd1 d5 38. Ne5+ Ke6 39. g3 Nh5 40. Ba4 Ra8 41. Bb3 Nf6 42. Nc6 1-0

[Event "Antwerpen"]
[Site "?"]
[Date "1997.??.??"]
[Round "?"]
[White "Novikov, I."]
[Black "Topalov, V."]
[Result "1/2-1/2"]
[WhiteElo "2590"]
[BlackElo "2745"]
[PlyCount "46"]
[EventDate "1997.??.??"]
[Source "ChessBase"]
[SourceDate "1997.06.01"]

1. c4 g6 2. d4 Nf6 3. Nc3 Bg7 4. e4 d6 5. f3 O-O 6. Bg5 a6 7. Qd2 c5 8. Nge2 Nc6 9. d5 Ne5 10. Ng3 b5 11. cxb5 Qb6 12. a4 axb5 13. Bxb5 Ba6 14. O-O Qa5 15. Bxa6 Rxa6 16. Nb5 Qxd2 17. Bxd2 Nc4 18. Bc3 Nd7 19. Bxg7 Kxg7 20. Rfb1 Nd2 21. Rd1 Nb3 22. Ra3 c4 23. Nf1 Ndc5 1/2-1/2

[Event "Russia 87/474"]
[Site "?"]
[Date "2003.??.??"]
[Round "?"]
[White "Korchnoi, V."]
[Black "Bologan, V."]
[Result "0-1"]
[WhiteElo "2632"]
[BlackElo "2663"]
[PlyCount "112"]
[EventDate "2003.??.??"]
[Source "Chess Informant"]
[SourceDate "2003.02.01"]

1. d4 d6 2. e4 Nf6 3. f3 g6 4. c4 Bg7 5. Nc3 O-O 6. Nge2 c5 7. Be3 Nbd7 8. Nc1 a6 9. Nb3 cxd4 10. Bxd4 Ne5 11. Be2 Be6 12. c5 Nc6 13. Bf2 d5 14. O-O dxe4 15. fxe4 Qc8 16. Qc2 Nb4 17. Qb1 Bxb3 18. axb3 Qe6 19. Bc4 Qe5 20. Qd1 Rad8 21. Qf3 Nc2 22. Rad1 Nd4 23. Qg3 Qxc5 24. Kh1 e5 25. Be3 b5 26. Bd5 Nxd5 27. Nxd5 Qc2 28. Qh4 Qxb3 29. Bg5 Rxd5 30. exd5 Qxd5 31. Bf6 Qe6 32. Bxg7 Kxg7 33. Rfe1 Qd6 34. Qe4 f6 35. Rc1 Qd7 36. Ra1 Qd6 37. Qb7+ Rf7 38. Qxa6 Qxa6 39. Rxa6 Rc7 40. Raa1 Rc2 41. b4 Rc4 42. Ra7+ Kh6 43. Rb1 e4 44. Re7 f5 45. Re5 Rc3 46. h3 Rd3 47. Re7 e3 48. Kh2 e2 49. Re1 Rb3 50. Kg1 Rxb4 51. Kf2 Rc4 52. Rb1 b4 53. Rb7 b3 54. Ke3 Ra4 55. Kd3 Ra2 56. Re7 Nc2 0-1

[Event "Ch Spain (team) (Honor Gr.2)"]
[Site "Lugo (Spain)"]
[Date "2007.06.29"]
[Round "3"]
[White "Graf Alexander (GER)"]
[Black "Inarkiev Ernesto (RUS)"]
[Result "1/2-1/2"]
[WhiteElo "2620"]
[BlackElo "2669"]
[PlyCount "114"]
[EventDate "2007.??.??"]
[Source "www.chesslib.no"]
[SourceDate "2004.05.04"]

1. d4 Nf6 2. c4 g6 3. Nc3 Bg7 4. e4 d6 5. f3 O-O 6. Be3 c5 7. dxc5 dxc5 8. Qxd8 Rxd8 9. Bxc5 Nc6 10. Nd5 Nd7 11. Nxe7+ Nxe7 12. Bxe7 Bxb2 13. Rb1 Bc3+ 14. Kf2 Bd4+ 15. Kg3 Re8 16. Bg5 Nf6 17. Bxf6 Bxf6 18. Be2 Re5 19. Rb5 Rxb5 20. cxb5 Be6 21. f4 Bc3 22. Nf3 Bxa2 23. e5 Rc8 24. Ng5 Bd4 25. Rd1 Bb6 26. Ne4 Kg7 27. Rd2 Bb3 28. Bd1 Rc4 29. Bxb3 Rxe4 30. Bd5 Rb4 31. Bxb7 Be3 32. Rd7 Bxf4+ 33. Kh3 Bxe5 34. Bd5 g5 35. g3 g4+ 36. Kg2 Rb2+ 37. Kf1 Rb1+ 38. Ke2 Rxb5 39. Bxf7 Rb2+ 40. Kd3 Kf6 41. Be8 Rxh2 42. Rf7+ Kg5 43. Rxa7 Bxg3 44. Rg7+ Kf4 45. Rf7+ Ke5 46. Re7+ Kd6 47. Rd7+ Ke5 48. Re7+ Kd5 49. Rg7 Rh4 50. Rg5+ Ke6 51. Rh5 Kf6 52. Rxh4 Bxh4 53. Ke2 Kg5 54. Kf1 h5 55. Kg2 Be1 56. Bd7 h4 57. Bxg4 Kxg4 1/2-1/2

[Event "CRO-chT"]
[Site "Porec"]
[Date "1998.09.12"]
[Round "6"]
[White "Tkachiev, Vladislav"]
[Black "Movsesian, Sergei"]
[Result "0-1"]
[WhiteElo "2645"]
[BlackElo "2640"]
[PlyCount "106"]
[EventDate "1998.09.??"]
[Source "www.chesslib.no"]
[SourceDate "2004.05.04"]

1. d4 Nf6 2. c4 g6 3. Nc3 Bg7 4. e4 d6 5. f3 O-O 6. Nge2 a6 7. Bg5 c6 8. Qd2 b5 9. Ng3 Nbd7 10. Rc1 Bb7 11. b3 Rc8 12. Be2 e5 13. d5 cxd5 14. cxd5 h5 15. O-O Qb6+ 16. Be3 Bh6 17. f4 Qd8 18. Bf3 exf4 19. Bxf4 Bxf4 20. Qxf4 Ne5 21. Be2 Nh7 22. h3 Qe7 23. a4 b4 24. Nb1 a5 25. Qe3 h4 26. Nh1 Qg5 27. Qxg5 Nxg5 28. Nf2 f5 29. Nd2 Rc3 30. Rxc3 bxc3 31. Nc4 Nxe4 32. Nxe4 fxe4 33. Rc1 Bxd5 34. Nxe5 dxe5 35. Rxc3 Kg7 36. Rc5 Bxb3 37. Rxa5 Kf6 38. Kf2 Rc8 39. Ra6+ Kg5 40. Ke3 Rc3+ 41. Kxe4 Bc2+ 42. Kd5 Bb3+ 43. Ke4 Bc2+ 44. Kd5 Re3 45. Bf3 Bf5 46. Rb6 e4 47. Bg4 Rd3+ 48. Kc4 Bxg4 49. hxg4 Rd2 50. a5 Rxg2 51. a6 Ra2 52. Kb3 Ra1 53. Kb2 Ra5 0-1

[Event "Ter Apel"]
[Site "?"]
[Date "1995.??.??"]
[Round "?"]
[White "Epishin, V."]
[Black "Sokolov, I."]
[Result "1/2-1/2"]
[WhiteElo "2635"]
[BlackElo "2645"]
[PlyCount "95"]
[EventDate "1995.??.??"]
[Source "ChessBase"]
[SourceDate "1995.06.01"]

1. d4 Nf6 2. c4 g6 3. Nc3 Bg7 4. e4 d6 5. f3 O-O 6. Bg5 a6 7. Qd2 c6 8. Nge2 b5 9. Bh6 e5 10. Bxg7 Kxg7 11. Ng3 Nbd7 12. O-O-O Qa5 13. Kb1 Rb8 14. h4 bxc4 15. h5 Qb4 16. Qc1 Nb6 17. dxe5 dxe5 18. Ka1 Rb7 19. Be2 Be6 20. a3 Qe7 21. hxg6 fxg6 22. Qg5 Qc5 23. Nh5+ Nxh5 24. Rxh5 Nd7 25. Qh6+ Kf6 26. Na4 Qf2 27. Rxd7 Rxd7 28. Qxf8+ Rf7 29. Qh8+ Ke7 30. Rxe5 Qxe2 31. Nc5 Kd6 32. Qb8+ Rc7 33. Rxe6+ Kxc5 34. Qb4+ Kd4 35. Qc3+ Kc5 36. Qa5+ Kd4 37. Qe5+ Ke3 38. Qc5+ Kd3 39. Qb4 Qc2 40. Rd6+ Ke2 41. Rd4 c3 42. Qxc3 Qxc3 43. bxc3 Kf2 44. Rd2+ Ke3 45. Rb2 g5 46. Ka2 h5 47. Rb8 Rg7 48. Rd8 1/2-1/2

[Event "Yerevan (ol)"]
[Site "?"]
[Date "1996.??.??"]
[Round "?"]
[White "Gulko, B."]
[Black "Polgar, Judit"]
[Result "0-1"]
[WhiteElo "2615"]
[BlackElo "2665"]
[PlyCount "110"]
[EventDate "1996.??.??"]
[Source "ChessBase"]
[SourceDate "1996.06.01"]

1. c4 Nf6 2. Nc3 g6 3. e4 d6 4. d4 Bg7 5. f3 O-O 6. Be3 c5 7. Nge2 Nc6 8. d5 Ne5 9. Ng3 e6 10. Be2 exd5 11. cxd5 a6 12. a4 h5 13. O-O Nh7 14. Qd2 h4 15. Nh1 f5 16. Nf2 Re8 17. Kh1 Rb8 18. Rg1 Rf8 19. exf5 Bxf5 20. g4 hxg3 21. hxg3 Qe7 22. Kg2 b5 23. axb5 axb5 24. Bh6 b4 25. Bxg7 Kxg7 26. Ncd1 Ng5 27. f4 Ne4 28. Qe3 Nxf2 29. Nxf2 Nc6 30. Qxe7+ Nxe7 31. Ra7 Rf7 32. Kf3 Bc2 33. Ne4 Nf5 34. Rxf7+ Kxf7 35. Ng5+ Kf6 36. Bc4 Re8 37. Ra1 Re3+ 38. Kf2 Rxg3 39. Ra7 Rxg5 40. fxg5+ Kxg5 41. Ra8 Kf4 42. Re8 g5 43. Ba6 g4 44. Bc8 g3+ 45. Kg1 b3 46. Ba6 Be4 47. Bc4 Nd4 48. Rf8+ Ke3 49. Bf1 Bxd5 50. Rf6 Nf3+ 51. Kh1 Nd2+ 52. Bg2 Bxg2+ 53. Kxg2 d5 54. Rb6 c4 55. Kxg3 d4 0-1

[Event "Deutschland"]
[Site "?"]
[Date "1996.??.??"]
[Round "?"]
[White "Jussupow, A."]
[Black "Kotronias, V."]
[Result "1/2-1/2"]
[WhiteElo "2665"]
[BlackElo "2615"]
[PlyCount "186"]
[EventDate "1996.??.??"]
[Source "ChessBase"]
[SourceDate "1996.10.01"]

1. d4 Nf6 2. c4 g6 3. Nc3 Bg7 4. e4 d6 5. f3 O-O 6. Nge2 c5 7. d5 e6 8. Ng3 exd5 9. cxd5 Nbd7 10. Be2 a6 11. a4 h5 12. Bg5 Qc7 13. Qd2 Re8 14. O-O Rb8 15. Rfc1 Nh7 16. Bh6 Bh8 17. Rab1 Ne5 18. Be3 h4 19. Nh1 f5 20. Nf2 Qa5 21. b4 cxb4 22. Na2 fxe4 23. f4 Nd3 24. Nxd3 exd3 25. Bxd3 Bf5 26. Rxb4 b5 27. Rcb1 Nf6 28. Nc3 h3 29. Bd4 hxg2 30. axb5 axb5 31. Bxf5 gxf5 32. Rxb5 Rxb5 33. Rxb5 Qa3 34. Kxg2 Ne4 35. Nxe4 fxe4 36. Be3 Bf6 37. Qe2 Kf8 38. Rb1 Rc8 39. Kh1 Qd3 40. Qxd3 exd3 41. Rd1 Rc3 42. Kg2 d2 43. Kf2 Bh4+ 44. Kf3 Be1 45. Ke4 Rc4+ 46. Kf5 Kf7 47. h4 Rc1 48. Rxc1 dxc1=Q 49. Bxc1 Bxh4 50. Ba3 Be7 51. Bb4 Bf8 52. Ba5 Be7 53. Bc7 Bf8 54. Bd8 Bg7 55. Kg5 Bb2 56. Bc7 Ba3 57. Kf5 Bb4 58. Bb6 Bd2 59. Bd4 Bb4 60. Bf2 Ba3 61. Ke4 Bb4 62. Kd3 Kf6 63. Ke4 Kf7 64. Be3 Kf6 65. Bc1 Kg6 66. Bb2 Bc5 67. Bc3 Ba3 68. Ba5 Kf7 69. Bb6 Ke7 70. Kd3 Kf6 71. Ke4 Ke7 72. Bf2 Bb4 73. Bh4+ Kf7 74. Bg5 Ba3 75. Kd3 Kg6 76. Kc4 Kf7 77. Kb5 Ke8 78. Kc6 Bc5 79. f5 Bb4 80. Bh4 Ba3 81. Bg3 Kf7 82. Bxd6 Bb2 83. Bg3 Kf6 84. d6 Kxf5 85. Bh4 Bc3 86. d7 Ba5 87. Kd6 Kg6 88. Ke7 Kf5 89. Kd6 Kg6 90. Ke6 Bb6 91. Bf2 Bd8 92. Bd4 Bh4 93. Bc5 Bd8 1/2-1/2

[Event "Aeroflot Open"]
[Site "Moscow"]
[Date "2004.02.23"]
[Round "7"]
[White "Lautier, Joel"]
[Black "Kotronias, Vasilios"]
[Result "1-0"]
[WhiteElo "2676"]
[BlackElo "2598"]
[PlyCount "78"]
[EventDate "2004.02.17"]
[Source "Roberto Alvarez"]
[SourceDate "2004.03.01"]

1. d4 Nf6 2. c4 g6 3. Nc3 Bg7 4. e4 d6 5. f3 O-O 6. Be3 c5 7. Nge2 Nc6 8. d5 Ne5 9. Ng3 e6 10. Be2 exd5 11. cxd5 a6 12. a4 h5 13. O-O Nh7 14. Qd2 h4 15. Nh1 f5 16. Nf2 Re8 17. Kh1 Rb8 18. Rg1 Kh8 19. g4 fxe4 20. Ncxe4 b5 21. axb5 axb5 22. Bh6 Bxh6 23. Qxh6 Qe7 24. f4 Nc4 25. Qxg6 Bb7 26. Bxc4 bxc4 27. Rad1 Rbd8 28. g5 Qf8 29. Rg4 Qg8 30. Qxg8+ Kxg8 31. g6 Nf8 32. f5 Re5 33. Rf4 Kg7 34. Rg1 Bxd5 35. f6+ Kg8 36. g7 Ng6 37. Rxg6 Kf7 38. Rgg4 h3 39. Kg1 Ra8 1-0

[Event "Synthesia Rapid Open"]
[Site "Pardubice CEC"]
[Date "2007.07.19"]
[Round "6"]
[White "Laznicka, V."]
[Black "Movsesian, S."]
[Result "1-0"]
[WhiteElo "2594"]
[BlackElo "2667"]
[PlyCount "65"]
[EventDate "2007.07.18"]
[Source "www.chesslib.no"]
[SourceDate "2004.05.04"]

1. d4 Nf6 2. c4 d6 3. Nc3 g6 4. e4 Bg7 5. f3 O-O 6. Be3 a6 7. Nge2 Nbd7 8. Qd2 c6 9. c5 d5 10. e5 Ne8 11. h4 f6 12. f4 h5 13. g4 hxg4 14. h5 gxh5 15. e6 Nxc5 16. dxc5 Bxe6 17. Nd4 Bf7 18. f5 Nc7 19. O-O-O Qd7 20. Bd3 e5 21. fxe6 Nxe6 22. Bf5 Rae8 23. Qh2 Re7 24. Bxg4 Qc7 25. Nf5 Ree8 26. Nd6 d4 27. Bxh5 dxc3 28. Bxf7+ Rxf7 29. Nxe8 cxb2+ 30. Kb1 Qe7 31. Qh7+ Kf8 32. Qh8+ Bxh8 33. Rxh8# 1-0

[Event "Wijk aan Zee"]
[Site "?"]
[Date "1997.??.??"]
[Round "?"]
[White "Sokolov, I."]
[Black "Van Wely, L."]
[Result "1/2-1/2"]
[WhiteElo "2615"]
[BlackElo "2645"]
[PlyCount "41"]
[EventDate "1997.??.??"]
[Source "ChessBase"]
[SourceDate "1996.10.01"]

1. d4 Nf6 2. c4 g6 3. Nc3 Bg7 4. e4 d6 5. f3 O-O 6. Nge2 a6 7. Bg5 c6 8. Qd2 b5 9. Bh6 e5 10. O-O-O Bxh6 11. Qxh6 Qa5 12. g4 b4 13. Nb1 Qxa2 14. Ng3 Nbd7 15. Nf5 gxf5 16. gxf5 Kh8 17. dxe5 dxe5 18. Rg1 Rg8 19. Rxd7 Nxd7 20. Rxg8+ Kxg8 21. Qg5+ 1/2-1/2

[Event "Wijk aan Zee NED"]
[Site "Wijk aan Zee NED"]
[Date "1985.??.??"]
[Round "?"]
[White "Beliavsky, Alexander G"]
[Black "Nunn, John D M"]
[Result "0-1"]
[WhiteElo "2635"]
[BlackElo "2615"]
[PlyCount "52"]
[EventDate "1985.??.??"]
[Source "www.chesslib.no"]
[SourceDate "2004.05.04"]

1. d4 Nf6 2. c4 g6 3. Nc3 Bg7 4. e4 d6 5. f3 O-O 6. Be3 Nbd7 7. Qd2 c5 8. d5 Ne5 9. h3 Nh5 10. Bf2 f5 11. exf5 Rxf5 12. g4 Rxf3 13. gxh5 Qf8 14. Ne4 Bh6 15. Qc2 Qf4 16. Ne2 Rxf2 17. Nxf2 Nf3+ 18. Kd1 Qh4 19. Nd3 Bf5 20. Nec1 Nd2 21. Bg2 Nxc4 22. Qf2 Ne3+ 23. Ke2 Qc4 24. Bf3 Rf8 25. Rg1 Nc2 26. Kd1 Bxd3 0-1

[Event "Groningen"]
[Site "?"]
[Date "1993.??.??"]
[Round "?"]
[White "Sokolov, I."]
[Black "Smirin, I."]
[Result "1/2-1/2"]
[WhiteElo "2610"]
[BlackElo "2640"]
[PlyCount "101"]
[EventDate "1993.??.??"]
[Source "ChessBase"]
[SourceDate "1993.10.01"]

1. d4 Nf6 2. c4 g6 3. Nc3 Bg7 4. e4 d6 5. Nge2 O-O 6. f3 e5 7. Bg5 Nc6 8. d5 Ne7 9. Qd2 h5 10. Nc1 Nh7 11. Be3 f5 12. Nd3 c6 13. O-O-O cxd5 14. cxd5 Bd7 15. Kb1 Nf6 16. h3 Rc8 17. Bg5 Qb6 18. Re1 Rf7 19. Nc1 a6 20. Bd3 Qd8 21. Nb3 f4 22. Ne2 Nh7 23. Bh4 g5 24. Bf2 Ng6 25. Qb4 Bf8 26. Rc1 g4 27. hxg4 hxg4 28. Na5 Rxc1+ 29. Nxc1 b5 30. Be2 Qg5 31. Nd3 Nf6 32. Rc1 Rh7 33. Nc6 Rh2 34. Rg1 Qh6 35. Nb8 g3 36. Ba7 Bh3 37. Ne1 Qh7 38. Nc6 Bd7 39. Bb6 Rh1 40. Rxh1 Qxh1 41. Qd2 Bc8 42. b4 Bd7 43. Kb2 Ne7 44. Nxe7+ Bxe7 45. Bd3 Kf7 46. Qe2 Qh8 47. Qc2 Bd8 48. Ba7 Qh1 49. Qe2 Ne8 50. Qf1 Qh8 51. Kc1 1/2-1/2